000 00428nam a2200193Ia 4500
005 20250425160819.0
008 250425s9999 xx 000 0 und d
020 _a08900061548
041 _aeng
082 _a621.380283
100 _aBLAKE, LAMONT V.
245 0 _aANTENNAS
250 _a1ST ED.
260 _aEstados Unidos
_bARTECH HOUSE
_c1984
260 _aS.L.
300 _a461
942 _c01
010 _a5913
999 _c196672
_d196672